| 000 | 00554nam a2200181Ia 4500 | ||
|---|---|---|---|
| 003 | GCL | ||
| 008 | 140319s9999 xx 000 0 ara d | ||
| 040 |
_aGCL / _cGCL |
||
| 082 | 0 | 4 |
_aد _b050 |
| 100 | 1 | _aخلف محمد الحداد | |
| 245 | 1 | 0 |
_aالاسلام و المسيحية (عالم المعرفة 215) / _cخلف محمد الحداد |
| 700 | 1 | _aجورافسكى، اليكسى | |
| 300 | _a254 ص | ||
| 490 |
_aعالم المعرفة _v0 |
||
| 650 | 0 | 4 | _aالاسلام |
| 650 | 0 | 4 | _aالاسلام والمسيحية |
| 942 |
_2ddc _cBK |
||
| 999 |
_c46913 _d46913 |
||